| 000 | 00974pam a2200289 a 4500 | ||
|---|---|---|---|
| 999 |
_c342321 _d342321 |
||
| 001 | 3399532 | ||
| 003 | NUST | ||
| 005 | 20171218120710.0 | ||
| 008 | 891025s1990 maua b 001 0 eng | ||
| 010 | _a 89029706 | ||
| 020 | _a0201178664 | ||
| 040 |
_aDLC _cDLC _dDLC |
||
| 050 | 0 | 0 |
_aTA165 _b.B38 1990 |
| 082 | 0 | 0 |
_a681.2 BEC _220 |
| 100 | 1 |
_aBeckwith, T. G. _q(Thomas G.) _97428 |
|
| 245 | 1 | 0 |
_aMechanical measurements / _cThomas G. Beckwith, Roy D. Marangoni. |
| 250 | _a4th ed. | ||
| 260 |
_aReading, Mass. : _bAddison-Wesley Pub. Co., _c[1990] |
||
| 300 |
_axv, 779 p. : _bill. ; _c24 cm. |
||
| 500 | _aIncludes index. | ||
| 501 | _aH.B | ||
| 504 | _aIncludes bibliographical references. | ||
| 650 | 0 |
_aEngineering instruments. _97429 |
|
| 650 | 0 |
_aMeasuring instruments. _97430 |
|
| 700 | 1 |
_aMarangoni, Roy D. _97431 |
|
| 906 |
_a7 _bcbc _corignew _d1 _eocip _f19 _gy-gencatlg |
||
| 942 |
_2ddc _cBK _kIESE |
||